Schaum’s outline of theory and problems of digital signal processing / (Record no. 117)
[ view plain ]
| 000 -LEADER | |
|---|---|
| fixed length control field | 00993nac a22002411u 4500 |
| 008 - FIXED-LENGTH DATA ELEMENTS--GENERAL INFORMATION | |
| fixed length control field | 160926b xxu||||| |||| 00| 0 eng d |
| 010 ## - LIBRARY OF CONGRESS CONTROL NUMBER | |
| LC control number | 98043324 |
| 020 ## - INTERNATIONAL STANDARD BOOK NUMBER | |
| International Standard Book Number | 0070273898 |
| 082 00 - DEWEY DECIMAL CLASSIFICATION NUMBER | |
| Classification number | 621.382/2 |
| Item number | H4171 |
| 100 ## - MAIN ENTRY--PERSONAL NAME | |
| Personal name | Hayes, M. H. |
| 245 10 - TITLE STATEMENT | |
| Title | Schaum’s outline of theory and problems of digital signal processing / |
| Statement of responsibility, etc | Monson H. Hayes. |
| 246 3# - VARYING FORM OF TITLE | |
| Title proper/short title | Theory and problems of digital signal processing |
| 260 ## - PUBLICATION, DISTRIBUTION, ETC. (IMPRINT) | |
| Place of publication, distribution, etc | New York : |
| Name of publisher, distributor, etc | McGraw Hill, |
| Date of publication, distribution, etc | c1999. |
| 300 ## - PHYSICAL DESCRIPTION | |
| Extent | ix, 432 p. : |
| Other physical details | ill. ; |
| Dimensions | 28 cm. |
| 490 0# - Series Statement | |
| Series statement | Schaum's outline series |
| 500 ## - GENERAL NOTE | |
| General note | Includes index. |
| 650 #0 - SUBJECT ADDED ENTRY--TOPICAL TERM | |
| Topical term or geographic name as entry element | Signal processing |
| General subdivision | Digital techniques |
| -- | Problems, exercises, etc. |
| Source of heading or term | BUEsh |
| 650 #0 - SUBJECT ADDED ENTRY--TOPICAL TERM | |
| Topical term or geographic name as entry element | Signal processing |
| General subdivision | Digital techniques |
| -- | Outlines, syllabi, etc. |
| Source of heading or term | BUEsh |
| 651 ## - SUBJECT ADDED ENTRY--GEOGRAPHIC NAME | |
| Source of heading or term | BUEsh |
| 856 42 - ELECTRONIC LOCATION AND ACCESS | |
| Materials specified | Publisher description |
| Uniform Resource Identifier | <a href="http://www.loc.gov/catdir/description/mh023/98043324.html">http://www.loc.gov/catdir/description/mh023/98043324.html</a> |
| 856 42 - ELECTRONIC LOCATION AND ACCESS | |
| Materials specified | Table of contents |
| Uniform Resource Identifier | <a href="http://www.loc.gov/catdir/toc/mh022/98043324.html">http://www.loc.gov/catdir/toc/mh022/98043324.html</a> |
| 942 ## - ADDED ENTRY ELEMENTS (KOHA) | |
| Item type | Book - Borrowing |
| Call number prefix | 621.3822H4171 |
| Source of classification or shelving scheme | Dewey Decimal Classification |
| Withdrawn status | Item status | Damaged status | Not for loan | Home library | Current library | Shelving location | Date acquired | Source of acquisition | Total Checkouts | Total Renewals | Full call number | Barcode | Date last seen | Date last borrowed | Cost, replacement price | Koha item type | Checked out |
|---|---|---|---|---|---|---|---|---|---|---|---|---|---|---|---|---|---|
| Central Library | Central Library | First floor | 22/12/2005 | Purchase | 3 | 1 | 621.3822 HAY | 000004648 | 15/07/2025 | 27/05/2019 | 120.00 | Book - Borrowing | |||||
| Central Library | Central Library | First floor | 06/08/2006 | Purchase | 2 | 7 | 621.3822 HAY | 000003670 | 18/01/2015 | 18/01/2015 | 120.00 | Book - Borrowing | 23/12/2023 |